| 000 | 00569nam a2200181 a 4500 | ||
|---|---|---|---|
| 001 | 000048359 | ||
| 005 | 20201002061109.0 | ||
| 008 | 190212s1996 dr 000 0 spa d | ||
| 040 |
_aDO-SdBNP _bspa _cBNPHU |
||
| 082 |
_axxx _bG255u |
||
| 100 | 1 |
_aGastedelli, Ivana _975776 |
|
| 245 | 1 | 0 |
_aPara ser catequista : _bcurso de introducción / _cIvana Gastaldelli. |
| 260 |
_aSanto Domingo, : _bComisión Arquidiocesana de Catequesis _bPaulinas, _c1996. |
||
| 300 |
_a98 p. ; _c21 cm. |
||
| 490 | 1 | _aBusqueda ; | |
| 590 | _aInventariado, 2019/ YL | ||
| 830 | 0 |
_aBusqueda _975777 |
|
| 999 |
_c47847 _d47847 |
||